Music Quiz

Random Music or Disney Quiz

A Fifth of Disney Quiz Stats

 Plays Quiz Updated Aug 15, 2012

Challenge
Share
Tweet
Embed
Score 0/24 Timer 06:00
7 Plays Today
Every Fifth Word Movie Title % Correct
Just, work, and, whistle, songSnow White and the Seven Dwarfs
93.3%
Be, guest, the, 'round, weBeauty and the Beast
91.3%
Hakuna, phrase, passing, worries, yourThe Lion King
80.9%
Cruella, she, evil, her, suddenOne Hundred and One Dalmatians
80.2%
He's, love, heart, tramp, ILady and the Tramp
79.3%
Everybody, cat, only, it's, onThe Aristocats
77.5%
Back, new, down, everywhere, TitansHercules
70.2%
Walk, the, panorama, llama, beThe Emperor's New Groove
59.4%
A, me, oh, unbirthday, yesAlice in Wonderland
58.1%
Robin, walkin', back, the, sayRobin Hood
57.9%
Look, never, bride, daughter, meantMulan
54.7%
Look, your, get, the, bearThe Jungle Book
52.7%
Every Fifth Word Movie Title % Correct
Well, forty, thousand, in, sleevesAladdin
46.8%
Salagadoola, 'em, you, boola, believeCinderella
43.3%
Baby, baby, rest, my, babyDumbo
38.7%
Maybe, terrible, Paris, maybe, mythicalThe Hunchback of Notre Dame
35.3%
I, with, dream, gleam, soSleeping Beauty
34.1%
When, friends, together, you're, pairThe Fox and the Hound
32.2%
I, people, wanna, around, 'emThe Little Mermaid
31.1%
Steady, singing, seasons, bring, fruitPocahontas
29.4%
Zabwe, a, bop, zabwe, zeeTarzan
18.7%
Higitus, your, to, go, youThe Sword in the Stone
18.3%
Don't, man, deride, now, IThe Princess and the Frog
10.4%
The, night, you, plan, truePeter Pan
8.5%

You're not logged in!

Compare scores with friends on all Sporcle quizzes.
Join for Free
OR
Log In

You Might Also Like...

Show Comments

Extras

Top Quizzes Today


Score Distribution

Your Account Isn't Verified!

In order to create a playlist on Sporcle, you need to verify the email address you used during registration. Go to your Sporcle Settings to finish the process.

Report this User

Report this user for behavior that violates our Community Guidelines.

Details: